Loading...
| History - World | 0 | 7 | 0 | 3 | 70 | 90 | 122.29 | 0 | 0 | 7.91 | 26.44 |
| Fine Arts - Classical Music and Opera | 0 | 6 | 1 | 2 | 55 | 89 | 135.00 | 0 | 0 | 4.41 | 15.09 |
| Religion | 0 | 6 | 1 | 1 | 55 | 95 | 119.17 | 0 | 3 | 10.09 | 30.95 |
| Social Science | 0 | 6 | 1 | 0 | 55 | 84 | 101.50 | 0 | 3 | 12.75 | 32.68 |
| History - American | 2 | 3 | 2 | 0 | 50 | 76 | 115.20 | 0 | 2 | 8.67 | 20.44 |
| Fine Arts - Other Arts | 0 | 5 | 1 | 2 | 45 | 138 | 146.20 | 0 | 0 | 0.00 | 5.52 |
| Literature - European | 0 | 4 | 0 | 2 | 40 | 93 | 136.50 | 0 | 1 | 3.52 | 14.71 |
| Philosophy | 0 | 4 | 0 | 0 | 40 | 104 | 124.00 | 2 | 2 | 4.82 | 21.36 |
| Literature - American | 0 | 3 | 0 | 1 | 30 | 89 | 126.67 | 0 | 2 | 4.98 | 14.49 |
| Literature - British | 0 | 3 | 0 | 0 | 30 | 133 | 142.67 | 0 | 0 | 1.71 | 9.98 |
| Modern World | 1 | 1 | 0 | 1 | 25 | 81 | 107.50 | 0 | 0 | 6.72 | 11.37 |
| Fine Arts - Painting and Sculpture | 0 | 3 | 1 | 1 | 25 | 115 | 139.33 | 0 | 0 | 1.34 | 10.76 |
| Other Academic | 0 | 2 | 0 | 0 | 20 | 114 | 130.50 | 0 | 0 | 3.33 | 15.13 |
| History - Other | 1 | 2 | 3 | 0 | 20 | 66 | 89.67 | 0 | 3 | 9.24 | 19.84 |
| Mythology | 1 | 1 | 1 | 0 | 20 | 60 | 104.50 | 0 | 1 | 9.39 | 19.31 |
| Science - Physics | 0 | 2 | 0 | 1 | 20 | 137 | 137.50 | 0 | 0 | -0.41 | 3.79 |
| History - European | 0 | 2 | 1 | 0 | 15 | 91 | 101.00 | 1 | 1 | 5.57 | 10.26 |
| Other Science (Mixed/Any) | 0 | 1 | 0 | 0 | 10 | 141 | 141.00 | 0 | 0 | 0.70 | 16.67 |
| Literature - World | 0 | 1 | 0 | 0 | 10 | 125 | 125.00 | 0 | 0 | 1.15 | 4.40 |
| Other Science (Computer Science) | 0 | 1 | 0 | 0 | 10 | 129 | 129.00 | 0 | 0 | 0.26 | 11.11 |
| Other Culture | 0 | 1 | 0 | 0 | 10 | 119 | 119.00 | 0 | 0 | 5.79 | 20.00 |
| Science - Chemistry | 0 | 0 | 0 | 0 | 0 | 0.00 | 0 | 0 | 0.00 | 0.00 | |
| Science - Biology | 0 | 0 | 0 | 0 | 0 | 0.00 | 0 | 0 | 0.00 | 0.00 | |
| Geography | 0 | 0 | 3 | 0 | -15 | 0.00 | 0 | 0 | 0.00 | 0.00 |